[Event "Szuperliga - GM Szabo Laszlo"]
[Site "Mako"]
[Date "2023.10.28"]
[Round "1.1"]
[White "Stevic, Hrvoje"]
[Black "Mihok, Oliver"]
[Result "1/2-1/2"]
[WhiteElo "2549"]
[BlackElo "2555"]
[PlyCount "61"]
[EventDate "2023.10.28"]
[EventType "team-tourn"]
[EventRounds "9"]
[EventCountry "HUN"]
[Source "chess.hu"]
[WhiteTeam "Dunaharaszti MTK"]
[BlackTeam "Duocor-Makoi SVSE"]
[WhiteTeamCountry "HUN"]
[BlackTeamCountry "HUN"]

1. e4 e5 2. Nf3 Nf6 3. Nc3 Bb4 4. Nxe5 O-O 5. Be2 Re8 6. Nd3 Bxc3 7. dxc3 Nxe4
8. O-O d6 9. f3 Nf6 10. Bg5 Bf5 11. Re1 Nbd7 12. Qd2 h6 13. Bh4 Nf8 14. Bf1
Rxe1 15. Rxe1 Ng6 16. Bf2 Qd7 17. c4 Re8 18. Rxe8+ Nxe8 19. Qa5 a6 20. c5 Ne5
21. Nxe5 dxe5 22. Qc3 Qd5 23. a4 c6 24. b4 Nc7 25. Bg3 Ne6 26. Qxe5 Qxe5 27.
Bxe5 Bxc2 28. Bc4 Bxa4 29. Bxe6 fxe6 30. Kf2 Kf7 31. g4 1/2-1/2

[Event "Szuperliga - GM Szabo Laszlo"]
[Site "Mako"]
[Date "2023.10.28"]
[Round "1.2"]
[White "Csonka, Balazs"]
[Black "Grigoriants, Sergey"]
[Result "1/2-1/2"]
[WhiteElo "2469"]
[BlackElo "2562"]
[PlyCount "45"]
[EventDate "2023.10.28"]
[EventType "team-tourn"]
[EventRounds "9"]
[EventCountry "HUN"]
[Source "chess.hu"]
[WhiteTeam "Duocor-Makoi SVSE"]
[BlackTeam "Dunaharaszti MTK"]
[WhiteTeamCountry "HUN"]
[BlackTeamCountry "HUN"]

1. e4 e6 2. d4 d5 3. Nd2 c5 4. Ngf3 cxd4 5. Nxd4 Nf6 6. exd5 Nxd5 7. c3 Bc5 8.
N2f3 O-O 9. Bd3 e5 10. Nxe5 Qe7 11. Qe2 Re8 12. Nef3 Qd8 13. Be3 Nf4 14. Qf1
Bxd4 15. Nxd4 Qd5 16. Bc4 Nxg2+ 17. Kd2 Qe4 18. Rg1 Bh3 19. Bd3 Qd5 20. Bc4 Qe4
21. Bd3 Qd5 22. Bc4 Qe4 23. Bd3 1/2-1/2

[Event "Szuperliga - GM Szabo Laszlo"]
[Site "Mako"]
[Date "2023.10.28"]
[Round "1.3"]
[White "Jovanovic, Zoran"]
[Black "Saric, Sinisa"]
[Result "1-0"]
[WhiteElo "2513"]
[BlackElo "2373"]
[PlyCount "125"]
[EventDate "2023.10.28"]
[EventType "team-tourn"]
[EventRounds "9"]
[EventCountry "HUN"]
[Source "chess.hu"]
[WhiteTeam "Dunaharaszti MTK"]
[BlackTeam "Duocor-Makoi SVSE"]
[WhiteTeamCountry "HUN"]
[BlackTeamCountry "HUN"]

1. e4 e5 2. Nf3 Nf6 3. Nxe5 d6 4. Nf3 Nxe4 5. Bd3 Nf6 6. O-O Be7 7. Re1 O-O 8.
h3 Re8 9. Bf1 Bf8 10. Rxe8 Qxe8 11. d4 h6 12. c4 Bf5 13. Nc3 c6 14. Qb3 Qc8 15.
Bf4 Na6 16. Re1 Nc7 17. d5 c5 18. Qd1 Qd7 19. a3 Re8 20. Rxe8 Ncxe8 21. b4 b6
22. bxc5 bxc5 23. Qb3 Be7 24. Nd1 Qc7 25. Ne3 Bd7 26. Bd3 g5 27. Bh2 Ng7 28.
Bc2 Kf8 29. Nd2 Qa5 30. Ndf1 h5 31. Qd3 Qe1 32. Qd2 Qxd2 33. Nxd2 Nfe8 34. g4
hxg4 35. hxg4 Nf6 36. f3 Ke8 37. Kf2 Kd8 38. Ke2 Kc7 39. Ndf1 Kb6 40. Bg3 Nfe8
41. Be1 Bf6 42. Nd1 Be5 43. Bd2 f6 44. Nfe3 Nc7 45. Bc3 Nce8 46. Bxe5 dxe5 47.
Nc3 Nd6 48. Ba4 Bc8 49. Bc6 f5 50. Na4+ Kc7 51. Nxc5 f4 52. Nc2 Nxc4 53. Ne4
Ne6 54. Bb5 Nd4+ 55. Nxd4 Nxa3 56. d6+ Kb6 57. d7 Bxd7 58. Bxd7 exd4 59. Kd3 a5
60. Nxg5 Kc5 61. Ne4+ Kd5 62. g5 Nc4 63. Bc6+ 1-0

[Event "Szuperliga - GM Szabo Laszlo"]
[Site "Mako"]
[Date "2023.10.28"]
[Round "1.4"]
[White "Hujbert, Florian"]
[Black "Gonda, Laszlo"]
[Result "1/2-1/2"]
[WhiteElo "2411"]
[BlackElo "2494"]
[PlyCount "53"]
[EventDate "2023.10.28"]
[EventType "team-tourn"]
[EventRounds "9"]
[EventCountry "HUN"]
[Source "chess.hu"]
[WhiteTeam "Duocor-Makoi SVSE"]
[BlackTeam "Dunaharaszti MTK"]
[WhiteTeamCountry "HUN"]
[BlackTeamCountry "HUN"]

1. Nf3 d5 2. e3 Nf6 3. c4 e6 4. Nc3 a6 5. b3 c5 6. Bb2 Nc6 7. cxd5 exd5 8. Rc1
b5 9. g3 Bd6 10. Bg2 O-O 11. O-O Bg4 12. d4 c4 13. bxc4 dxc4 14. h3 Bh5 15. a3
Re8 16. g4 Bg6 17. Nh4 Rc8 18. Nxg6 hxg6 19. g5 Nh5 20. Qg4 Bb8 21. Ne4 Ne7 22.
Rfe1 Qc7 23. Nd2 Qa5 24. Nb1 Qc7 25. Nd2 Qa5 26. Nb1 Qc7 27. Nd2 1/2-1/2

[Event "Szuperliga - GM Szabo Laszlo"]
[Site "Mako"]
[Date "2023.10.28"]
[Round "1.5"]
[White "Csiki, Endre"]
[Black "Horvath, Zsolt"]
[Result "0-1"]
[WhiteElo "2387"]
[BlackElo "2377"]
[PlyCount "152"]
[EventDate "2023.10.28"]
[EventType "team-tourn"]
[EventRounds "9"]
[EventCountry "HUN"]
[Source "chess.hu"]
[WhiteTeam "Dunaharaszti MTK"]
[BlackTeam "Duocor-Makoi SVSE"]
[WhiteTeamCountry "HUN"]
[BlackTeamCountry "HUN"]

1. e4 c5 2. Nf3 d6 3. Bb5+ Bd7 4. c4 e5 5. Nc3 Nc6 6. d3 Nge7 7. a3 Ng6 8. Nd5
Be7 9. Be3 O-O 10. h4 f5 11. Ng5 f4 12. Qh5 Bxg5 13. hxg5 Kf7 14. Bd2 Nd4 15.
Bxd7 Qxd7 16. Rc1 Rh8 17. Rh4 h6 18. Rxf4+ exf4 19. Nxf4 hxg5 20. Qxg6+ Kg8 21.
Nh5 Qf7 22. Qxf7+ Kxf7 23. Ng3 Rh2 24. Bxg5 Rxg2 25. Kf1 Rh2 26. Be3 Rah8 27.
Bxd4 Rh1+ 28. Nxh1 Rxh1+ 29. Ke2 Rxc1 30. Bc3 Rc2+ 31. Ke3 g6 32. f4 Ke6 33. d4
cxd4+ 34. Kxd4 Rf2 35. Ke3 Rf1 36. Bd2 a6 37. Ke2 Rb1 38. Bc3 b5 39. cxb5 axb5
40. Ke3 Rf1 41. Bd2 Rd1 42. Bc3 Rh1 43. Kd4 Rf1 44. Bd2 Rd1 45. Kc3 d5 46.
exd5+ Kxd5 47. b3 Ke4 48. a4 bxa4 49. bxa4 Ra1 50. Kb3 Kd3 51. Ba5 Rb1+ 52. Ka2
Rb7 53. Ka3 Kc4 54. Bd8 Rf7 55. Bg5 Rf5 56. Kb2 Kb4 57. Kc2 Rd5 58. Bf6 Kxa4
59. Kc3 Kb5 60. Bd4 Kc6 61. Kd3 Kd6 62. Ke4 Ke6 63. Bg7 Ra5 64. Bh6 Ra4+ 65.
Kf3 Kf5 66. Bg5 Ra3+ 67. Kf2 Kg4 68. Kg2 Rf3 69. Kh2 Rf2+ 70. Kg1 Rxf4 71. Bxf4
Kxf4 72. Kg2 Kg4 73. Kh2 Kf3 74. Kh3 g5 75. Kh2 g4 76. Kg1 Kg3 0-1

[Event "Szuperliga - GM Szabo Laszlo"]
[Site "Mako"]
[Date "2023.10.28"]
[Round "1.6"]
[White "Szalai, Kornel"]
[Black "Flumbort, Andras Dr"]
[Result "0-1"]
[WhiteElo "2383"]
[BlackElo "2445"]
[PlyCount "72"]
[EventDate "2023.10.28"]
[EventType "team-tourn"]
[EventRounds "9"]
[EventCountry "HUN"]
[Source "chess.hu"]
[WhiteTeam "Duocor-Makoi SVSE"]
[BlackTeam "Dunaharaszti MTK"]
[WhiteTeamCountry "HUN"]
[BlackTeamCountry "HUN"]

1. e4 c5 2. Nf3 Nc6 3. g3 g6 4. Bg2 Bg7 5. O-O d6 6. c3 e5 7. Na3 Nge7 8. d4
exd4 9. cxd4 cxd4 10. Nb5 Bg4 11. Bf4 O-O 12. Qd2 d5 13. exd5 Nxd5 14. Bh6 Bxh6
15. Qxh6 Bxf3 16. Bxf3 Ne5 17. Bg2 d3 18. Rae1 Re8 19. Re4 Nf6 20. Rh4 Rc8 21.
Nc3 Neg4 22. Qd2 Qd7 23. Rd1 Rcd8 24. h3 Re2 25. Qg5 h6 26. Rxh6 Nxh6 27. Qxf6
Re6 28. Qf4 Nf5 29. Nd5 Qd6 30. Qg5 Rde8 31. Rxd3 Qe5 32. Rd2 Qe1+ 33. Kh2 Ne3
34. fxe3 Qxd2 35. Nf6+ Rxf6 36. Qxf6 Rxe3 0-1

[Event "Szuperliga - GM Szabo Laszlo"]
[Site "Mako"]
[Date "2023.10.28"]
[Round "1.7"]
[White "Popovics, Adam"]
[Black "Tatar Kis, Szabolcs"]
[Result "0-1"]
[WhiteElo "2373"]
[BlackElo "2350"]
[PlyCount "92"]
[EventDate "2023.10.28"]
[EventType "team-tourn"]
[EventRounds "9"]
[EventCountry "HUN"]
[Source "chess.hu"]
[WhiteTeam "Dunaharaszti MTK"]
[BlackTeam "Duocor-Makoi SVSE"]
[WhiteTeamCountry "HUN"]
[BlackTeamCountry "HUN"]

1. d4 Nf6 2. c4 g6 3. Nc3 Bg7 4. e4 d6 5. h3 e5 6. d5 a5 7. Nf3 Na6 8. Be3 Nc5
9. Bd3 Nxd3+ 10. Qxd3 Nh5 11. Qd2 O-O 12. O-O-O a4 13. Bg5 f6 14. Bh6 Bxh6 15.
Qxh6 Bd7 16. Ne1 b5 17. cxb5 Qb8 18. Nd3 Bxb5 19. g4 Ng7 20. a3 Bxd3 21. Rxd3
Qb3 22. Rd2 Ra5 23. Kb1 Rb8 24. Ka1 Rc5 25. Rc1 c6 26. Qh4 cxd5 27. exd5 Ne8
28. Qg3 Nc7 29. Rcd1 Nb5 30. Ne4 Qxg3 31. fxg3 Rc4 32. Nxf6+ Kg7 33. Rf2 Nd4
34. Kb1 Nb3 35. g5 Rbc8 36. Rff1 e4 37. Ng4 Rc2 38. Nh6 Nd2+ 39. Rxd2 Rxd2 40.
Rf7+ Kh8 41. Re7 Rb8 42. Kc1 Rdxb2 43. Rxe4 Ra2 44. Rxa4 Rf8 45. Rf4 Rxf4 46.
gxf4 Kg7 0-1

[Event "Szuperliga - GM Szabo Laszlo"]
[Site "Mako"]
[Date "2023.10.28"]
[Round "1.8"]
[White "Udvardi, Zalan"]
[Black "Papp, Petra"]
[Result "1/2-1/2"]
[WhiteElo "2254"]
[BlackElo "2318"]
[PlyCount "100"]
[EventDate "2023.10.28"]
[EventType "team-tourn"]
[EventRounds "9"]
[EventCountry "HUN"]
[Source "chess.hu"]
[WhiteTeam "Duocor-Makoi SVSE"]
[BlackTeam "Dunaharaszti MTK"]
[WhiteTeamCountry "HUN"]
[BlackTeamCountry "HUN"]

1. e4 e6 2. d4 d5 3. e5 c5 4. c3 Nc6 5. Nf3 Bd7 6. Be2 f6 7. O-O fxe5 8. Nxe5
Nxe5 9. dxe5 Qc7 10. Re1 O-O-O 11. Bf1 Ne7 12. a4 Nf5 13. Na3 c4 14. g4 Nh4 15.
Bg5 Ng6 16. Bxd8 Qxd8 17. Qd4 Qg5 18. Nb5 Nh4 19. Bg2 h5 20. Nxa7+ Kc7 21. Nb5+
Bxb5 22. axb5 hxg4 23. Qe3 Qh5 24. Kf1 Nf3 25. Red1 Nxh2+ 26. Ke1 Be7 27. b6+
Kc6 28. Ra5 Nf3+ 29. Ke2 Rf8 30. b3 Nxe5 31. bxc4 g3+ 32. f3 Nxc4 33. Qxe6+ Bd6
34. Raxd5 Re8 35. Rxd6+ Nxd6 36. Rxd6+ Kc5 37. Rd5+ Qxd5 38. Qxe8 Qa2+ 39. Kd3
Qxg2 40. Qe7+ Kxb6 41. Qb4+ Kc6 42. Qc4+ Kd6 43. Qd4+ Ke6 44. Qe4+ Kf6 45. Qf4+
Kg6 46. Qg4+ Kf7 47. Qf5+ Kg8 48. Qd5+ Kh7 49. Qh5+ Kg8 50. Qe8+ Kh7 1/2-1/2

[Event "Szuperliga - GM Szabo Laszlo"]
[Site "Mako"]
[Date "2023.10.28"]
[Round "1.9"]
[White "Borocz, Istvan"]
[Black "Mihok-Juhasz, Barbara"]
[Result "1-0"]
[WhiteElo "2313"]
[BlackElo "2232"]
[PlyCount "125"]
[EventDate "2023.10.28"]
[EventType "team-tourn"]
[EventRounds "9"]
[EventCountry "HUN"]
[Source "chess.hu"]
[WhiteTeam "Dunaharaszti MTK"]
[BlackTeam "Duocor-Makoi SVSE"]
[WhiteTeamCountry "HUN"]
[BlackTeamCountry "HUN"]

1. d4 Nf6 2. c4 g6 3. Nc3 Bg7 4. e4 d6 5. Nf3 O-O 6. Be2 e5 7. dxe5 dxe5 8.
Qxd8 Rxd8 9. Bg5 Re8 10. Nd5 Nxd5 11. cxd5 c6 12. Bc4 Nd7 13. dxc6 bxc6 14.
O-O-O Nc5 15. Nd2 Be6 16. f3 Bf8 17. Kc2 Rab8 18. Be3 f6 19. Bxc5 Bxc5 20.
Bxe6+ Rxe6 21. Nb3 Bb6 22. Rd7 Rbe8 23. Rhd1 f5 24. Rb7 R8e7 25. Rb8+ Kg7 26.
a4 fxe4 27. fxe4 Rf6 28. a5 Be3 29. Rd3 Rf2+ 30. Kc3 Re2 31. g4 h5 32. gxh5
gxh5 33. h3 Kg6 34. Rg8+ Kf7 35. Rh8 Bd4+ 36. Nxd4 exd4+ 37. Rxd4 Kg6 38. Rg8+
Kf6 39. Rf8+ Kg6 40. Rg8+ Kf6 41. Rf8+ Kg6 42. Rc8 Re3+ 43. Rd3 R7xe4 44. Rxc6+
Kg5 45. Rc7 Kh4 46. Rxa7 Kxh3 47. Kd2 Rxd3+ 48. Kxd3 Ra4 49. b3 Ra2 50. b4 h4
51. b5 Kg2 52. a6 h3 53. Rg7+ Kf3 54. Rh7 Kg2 55. a7 h2 56. b6 h1=Q 57. Rxh1
Kxh1 58. Kc4 Kg2 59. Kc5 Kf3 60. Kc6 Ke4 61. Kb7 Kd5 62. a8=Q Rxa8 63. Kxa8 1-0

[Event "Szuperliga - GM Szabo Laszlo"]
[Site "Mako"]
[Date "2023.10.28"]
[Round "1.10"]
[White "Meszaros-Csonka, David"]
[Black "Herpai, Jozsef Matyas"]
[Result "1-0"]
[WhiteElo "1871"]
[BlackElo "2075"]
[PlyCount "77"]
[EventDate "2023.10.28"]
[EventType "team-tourn"]
[EventRounds "9"]
[EventCountry "HUN"]
[Source "chess.hu"]
[WhiteTeam "Duocor-Makoi SVSE"]
[BlackTeam "Dunaharaszti MTK"]
[WhiteTeamCountry "HUN"]
[BlackTeamCountry "HUN"]

1. d4 Nf6 2. Bf4 c5 3. d5 g6 4. Nc3 b5 5. a3 Bg7 6. e4 O-O 7. f3 a6 8. Nge2 Bb7
9. Ng3 d6 10. Be2 Nbd7 11. Qd2 Re8 12. O-O h5 13. Rad1 Qc7 14. Bh6 Bh8 15. f4
h4 16. Nh1 b4 17. axb4 cxb4 18. f5 bxc3 19. Qg5 Nxe4 20. Qxh4 Qc5+ 21. Nf2 Nxf2
22. Rxf2 Ne5 23. fxg6 Nxg6 24. Qg4 cxb2 25. Bd3 Qd4 26. Qf5 Qxd5 27. Qg4 Bc8
28. Qg3 Be5 29. Qg5 Rb8 30. Rb1 Qa2 31. Rff1 Qe6 32. Rxf7 Kxf7 33. Rf1+ Kg8 34.
Bxg6 Bf6 35. Bf7+ Kh8 36. Qh5 Qe5 37. Bg7+ Kxg7 38. Qg6+ Kh8 39. Qh6# 1-0

[Event "Szuperliga - GM Szabo Laszlo"]
[Site "Biatorbagy"]
[Date "2023.10.28"]
[Round "1.1"]
[White "Hracek, Zbynek"]
[Black "Plat, Vojtech"]
[Result "1/2-1/2"]
[WhiteElo "2550"]
[BlackElo "2503"]
[PlyCount "62"]
[EventDate "2023.10.28"]
[EventType "team-tourn"]
[EventRounds "9"]
[EventCountry "HUN"]
[Source "chess.hu"]
[WhiteTeam "Haladas VSE"]
[BlackTeam "Viadukt Biatorbagy"]
[WhiteTeamCountry "HUN"]
[BlackTeamCountry "HUN"]

1. e4 c5 2. Nf3 Nc6 3. d4 cxd4 4. Nxd4 g6 5. c4 Nf6 6. Nc3 Nxd4 7. Qxd4 d6 8.
Be3 Bg7 9. Be2 O-O 10. Qd2 Qa5 11. Rc1 Be6 12. f3 Rfc8 13. b3 a6 14. Na4 Qxd2+
15. Kxd2 Nd7 16. g4 f5 17. exf5 gxf5 18. h3 Rf8 19. f4 Rad8 20. Nc3 d5 21. cxd5
Nf6 22. Bb6 Nxd5 23. Bxd8 Rxd8 24. Nxd5 Bxd5 25. Rh2 Bxb3+ 26. Ke1 Bxa2 27.
Bxa6 bxa6 28. Rxa2 Rd4 29. gxf5 Rxf4 30. Rxa6 Rxf5 31. Ke2 Bf6 1/2-1/2

[Event "Szuperliga - GM Szabo Laszlo"]
[Site "Biatorbagy"]
[Date "2023.10.28"]
[Round "1.2"]
[White "Mazur, Stefan"]
[Black "Babula, Vlastimil"]
[Result "1/2-1/2"]
[WhiteElo "2460"]
[BlackElo "2538"]
[PlyCount "83"]
[EventDate "2023.10.28"]
[EventType "team-tourn"]
[EventRounds "9"]
[EventCountry "HUN"]
[Source "chess.hu"]
[WhiteTeam "Viadukt Biatorbagy"]
[BlackTeam "Haladas VSE"]
[WhiteTeamCountry "HUN"]
[BlackTeamCountry "HUN"]

1. e4 c5 2. Nf3 d6 3. d4 cxd4 4. Nxd4 Nf6 5. Nc3 Nc6 6. Bg5 e6 7. Qd2 a6 8.
O-O-O Bd7 9. f4 b5 10. Bxf6 gxf6 11. Kb1 Qb6 12. Nxc6 Bxc6 13. f5 b4 14. Ne2 e5
15. Ng3 h5 16. h4 Bh6 17. Qxd6 Rd8 18. Qxd8+ Qxd8 19. Rxd8+ Kxd8 20. Nxh5 Ke7
21. Bd3 Be3 22. g4 Rg8 23. g5 fxg5 24. f6+ Kf8 25. hxg5 Rxg5 26. Ng7 Rg1+ 27.
Rxg1 Bxg1 28. Nf5 a5 29. c3 bxc3 30. bxc3 Bb6 31. Kb2 Bd8 32. Kb3 Bxf6 33. Kc4
Bd7 34. Nd6 Be6+ 35. Kb5 Bxa2 36. Kxa5 Ke7 37. Nb7 Bh4 38. Kb6 f5 39. exf5 e4
40. Bxe4 Be1 41. Kc6 Bxc3 42. Bd5 1/2-1/2

[Event "Szuperliga - GM Szabo Laszlo"]
[Site "Biatorbagy"]
[Date "2023.10.28"]
[Round "1.3"]
[White "Hera, Imre Jr"]
[Black "Sipos, Istvan"]
[Result "1-0"]
[WhiteElo "2547"]
[BlackElo "2464"]
[PlyCount "73"]
[EventDate "2023.10.28"]
[EventType "team-tourn"]
[EventRounds "9"]
[EventCountry "HUN"]
[Source "chess.hu"]
[WhiteTeam "Haladas VSE"]
[BlackTeam "Viadukt Biatorbagy"]
[WhiteTeamCountry "HUN"]
[BlackTeamCountry "HUN"]

1. d4 e6 2. c4 Nf6 3. Nc3 Bb4 4. Bd2 b6 5. e3 Bb7 6. Nf3 c5 7. a3 Bxc3 8. Bxc3
Ne4 9. Rc1 O-O 10. Be2 cxd4 11. Bxd4 Nc6 12. O-O Qe7 13. Bc3 Nxc3 14. Rxc3 Rfd8
15. Qc2 Qf6 16. Rd1 Ne7 17. Nd4 d5 18. Bf3 Rac8 19. Ne2 Ba6 20. cxd5 Bxe2 21.
Rxc8 Rxc8 22. Qxe2 Nxd5 23. Bxd5 exd5 24. g3 Qe5 25. Rd4 g6 26. Qd2 Rc5 27. b4
Rc4 28. Rxd5 Qa1+ 29. Kg2 Qxa3 30. Rd8+ Kg7 31. Qd5 Rxb4 32. Qe5+ Kh6 33. Rg8
Qb2 34. Qe7 Qb3 35. e4 f6 36. Qg7+ Kg5 37. f4+ 1-0

[Event "Szuperliga - GM Szabo Laszlo"]
[Site "Biatorbagy"]
[Date "2023.10.28"]
[Round "1.4"]
[White "Bokros, Albert"]
[Black "Ruck, Robert"]
[Result "1/2-1/2"]
[WhiteElo "2447"]
[BlackElo "2533"]
[PlyCount "61"]
[EventDate "2023.10.28"]
[EventType "team-tourn"]
[EventRounds "9"]
[EventCountry "HUN"]
[Source "chess.hu"]
[WhiteTeam "Viadukt Biatorbagy"]
[BlackTeam "Haladas VSE"]
[WhiteTeamCountry "HUN"]
[BlackTeamCountry "HUN"]

1. e4 c6 2. Nc3 d5 3. Nf3 Bg4 4. h3 Bxf3 5. Qxf3 e6 6. g3 Nf6 7. Bg2 dxe4 8.
Nxe4 Nxe4 9. Qxe4 Nd7 10. O-O Nf6 11. Qe2 Be7 12. c3 O-O 13. d4 Qb6 14. Bg5
Rad8 15. Rad1 Rd7 16. Bf3 Rfd8 17. Kg2 Qa5 18. Bxf6 Bxf6 19. a3 g6 20. h4 e5
21. dxe5 Qxe5 22. Qxe5 Bxe5 23. Rxd7 Rxd7 24. Rd1 Rxd1 25. Bxd1 Kf8 26. Kf3 Ke7
27. Ke3 f5 28. a4 h6 29. Kd3 g5 30. hxg5 hxg5 31. g4 1/2-1/2

[Event "Szuperliga - GM Szabo Laszlo"]
[Site "Biatorbagy"]
[Date "2023.10.28"]
[Round "1.5"]
[White "Nemeth, Miklos"]
[Black "Bagi, Mate"]
[Result "1/2-1/2"]
[WhiteElo "2425"]
[BlackElo "2446"]
[PlyCount "68"]
[EventDate "2023.10.28"]
[EventType "team-tourn"]
[EventRounds "9"]
[EventCountry "HUN"]
[Source "chess.hu"]
[WhiteTeam "Haladas VSE"]
[BlackTeam "Viadukt Biatorbagy"]
[WhiteTeamCountry "HUN"]
[BlackTeamCountry "HUN"]

1. e4 e5 2. Nf3 Nf6 3. Nc3 Nc6 4. d4 exd4 5. Nxd4 Bb4 6. Nxc6 bxc6 7. Bd3 d5 8.
Bd2 O-O 9. O-O Bxc3 10. Bxc3 dxe4 11. Bxf6 Qxf6 12. Bxe4 Qxb2 13. Bxc6 Rb8 14.
Rb1 Qxb1 15. Qxb1 Rxb1 16. Rxb1 Rd8 17. Bf3 Bf5 18. Rb7 Bxc2 19. Rxc7 Be4 20.
Rxa7 Bxf3 21. gxf3 g6 22. Kg2 Kg7 23. Kg3 Rd4 24. a4 g5 25. a5 Ra4 26. a6 Kg6
27. Ra8 Kf5 28. Rh8 Rxa6 29. Rxh7 f6 30. Rb7 Ra5 31. Rb4 Ra3 32. Rb5+ Kg6 33.
Kg4 Ra4+ 34. Kg3 Ra3 1/2-1/2

[Event "Szuperliga - GM Szabo Laszlo"]
[Site "Biatorbagy"]
[Date "2023.10.28"]
[Round "1.6"]
[White "Torma, Robert"]
[Black "Kovacs, Gabor"]
[Result "0-1"]
[WhiteElo "2415"]
[BlackElo "2398"]
[PlyCount "94"]
[EventDate "2023.10.28"]
[EventType "team-tourn"]
[EventRounds "9"]
[EventCountry "HUN"]
[Source "chess.hu"]
[WhiteTeam "Viadukt Biatorbagy"]
[BlackTeam "Haladas VSE"]
[WhiteTeamCountry "HUN"]
[BlackTeamCountry "HUN"]

1. d4 d5 2. Nf3 Nf6 3. Bf4 e6 4. e3 Bd6 5. Bxd6 cxd6 6. c4 dxc4 7. Bxc4 d5 8.
Bd3 Nc6 9. Nc3 Qd6 10. O-O O-O 11. Rc1 Bd7 12. a3 Rfc8 13. Re1 Be8 14. Bb1 Na5
15. Qe2 Qd8 16. Ne5 Nc4 17. e4 Nb6 18. Ng4 dxe4 19. Nxf6+ Qxf6 20. Qxe4 g6 21.
Qxb7 Bc6 22. Ne4 Bxe4 23. Qxe4 Rxc1 24. Rxc1 Rd8 25. Rd1 Nc4 26. g3 Nxb2 27.
Rd2 Nc4 28. Rd3 Qg5 29. Qe1 Qb5 30. Ba2 Nb6 31. Qd2 Kg7 32. h4 h5 33. Kh2 Nd5
34. Rb3 Qc6 35. Rb1 Nf6 36. Rd1 Qf3 37. d5 exd5 38. Qd4 Qxa3 39. Ra1 Qf3 40.
Qxa7 Ng4+ 41. Kg1 Ra8 42. Qd4+ Qf6 43. Qxf6+ Kxf6 44. Kf1 Ra3 45. Ke2 Ke5 46.
f3 Re3+ 47. Kd2 Rxf3 0-1

[Event "Szuperliga - GM Szabo Laszlo"]
[Site "Biatorbagy"]
[Date "2023.10.28"]
[Round "1.7"]
[White "Csonka, Attila Istvan"]
[Black "Vanczak, Tamas"]
[Result "1/2-1/2"]
[WhiteElo "2297"]
[BlackElo "2424"]
[PlyCount "82"]
[EventDate "2023.10.28"]
[EventType "team-tourn"]
[EventRounds "9"]
[EventCountry "HUN"]
[Source "chess.hu"]
[WhiteTeam "Haladas VSE"]
[BlackTeam "Viadukt Biatorbagy"]
[WhiteTeamCountry "HUN"]
[BlackTeamCountry "HUN"]

1. e4 c5 2. Nf3 d6 3. d4 cxd4 4. Qxd4 Nc6 5. Bb5 Bd7 6. Bxc6 Bxc6 7. Nc3 Nf6 8.
Bg5 e6 9. O-O-O Be7 10. Rhe1 O-O 11. Kb1 Qa5 12. Qd2 Qa6 13. Nd4 Rfd8 14. f3
Be8 15. g4 b5 16. Bxf6 Bxf6 17. g5 Bxd4 18. Qxd4 Rac8 19. h4 Qa5 20. Qd2 b4 21.
Ne2 d5 22. e5 Rc6 23. Nc1 Rdc8 24. Re2 Qb6 25. Nb3 a5 26. Nd4 Rc5 27. h5 a4 28.
Re3 Qc7 29. f4 b3 30. axb3 axb3 31. cxb3 Qa7 32. Rc3 Ra8 33. Rxc5 Qxc5 34. h6
g6 35. Rc1 Qa7 36. Rc3 Qa1+ 37. Kc2 Qh1 38. Qe2 Qg1 39. Qd2 Qh1 40. Qe2 Qg1 41.
Qd2 Qh1 1/2-1/2

[Event "Szuperliga - GM Szabo Laszlo"]
[Site "Biatorbagy"]
[Date "2023.10.28"]
[Round "1.8"]
[White "Pribelszky, Bence"]
[Black "Gombocz, Ferenc Jr"]
[Result "0-1"]
[WhiteElo "2399"]
[BlackElo "2314"]
[PlyCount "106"]
[EventDate "2023.10.28"]
[EventType "team-tourn"]
[EventRounds "9"]
[EventCountry "HUN"]
[Source "chess.hu"]
[WhiteTeam "Viadukt Biatorbagy"]
[BlackTeam "Haladas VSE"]
[WhiteTeamCountry "HUN"]
[BlackTeamCountry "HUN"]

1. Nf3 d5 2. g3 Bg4 3. Bg2 Nd7 4. c4 e6 5. cxd5 exd5 6. O-O Ngf6 7. Nc3 c6 8.
Qc2 Bd6 9. d3 O-O 10. e4 dxe4 11. dxe4 Bc5 12. Bf4 Bxf3 13. Bxf3 Qe7 14. Rad1
Ne5 15. Bg2 Rfd8 16. Kh1 Nfg4 17. h3 Nxf2+ 18. Rxf2 Bxf2 19. Rxd8+ Rxd8 20.
Qxf2 Nd3 21. Qxa7 Nxf4 22. gxf4 Qd6 23. Qe3 Qd2 24. Qxd2 Rxd2 25. b4 Rc2 26.
Na4 Rxa2 27. Nc5 b6 28. Nd7 Rb2 29. Nxb6 Rxb4 30. Nd7 Rd4 31. Nc5 Rc4 32. Nd3
Rd4 33. Nc5 Rd1+ 34. Kh2 Rc1 35. Nd3 Rc2 36. Kg3 c5 37. Kf3 c4 38. Ne1 Rc1 39.
Ke2 c3 40. Nd3 Rc2+ 41. Kf3 Rd2 42. Ne1 c2 43. Nxc2 Rxc2 44. e5 Kf8 45. Kg3
Rc3+ 46. Kg4 Re3 47. Bd5 g6 48. Bf3 Ke7 49. Bd5 h5+ 50. Kh4 Kf8 51. Bc6 Kg7 52.
Bd5 f6 53. e6 Kh6 0-1

[Event "Szuperliga - GM Szabo Laszlo"]
[Site "Biatorbagy"]
[Date "2023.10.28"]
[Round "1.9"]
[White "Sardy, Peter Dr"]
[Black "Szikszai, Bertalan"]
[Result "0-1"]
[WhiteElo "2396"]
[BlackElo "2263"]
[PlyCount "106"]
[EventDate "2023.10.28"]
[EventType "team-tourn"]
[EventRounds "9"]
[EventCountry "HUN"]
[Source "chess.hu"]
[WhiteTeam "Haladas VSE"]
[BlackTeam "Viadukt Biatorbagy"]
[WhiteTeamCountry "HUN"]
[BlackTeamCountry "HUN"]

1. e4 c5 2. Nc3 Nc6 3. Bb5 Nd4 4. Nf3 a6 5. Bd3 g6 6. O-O Bg7 7. Rb1 b5 8. b3
Bb7 9. Re1 Nf6 10. a4 b4 11. Nxd4 bxc3 12. Ne2 cxd2 13. Qxd2 Nxe4 14. Bxe4 Bxe4
15. Ba3 d6 16. Nc3 Bc6 17. Nd5 Bxd5 18. Qxd5 O-O 19. Rbd1 Qc7 20. Re3 Rfd8 21.
h4 e6 22. Qc4 d5 23. Qxc5 Qxc5 24. Bxc5 Rdc8 25. b4 a5 26. c3 axb4 27. cxb4
Rxa4 28. Rb3 Bf8 29. Bxf8 Kxf8 30. g3 Ra6 31. Kg2 Ke7 32. h5 Kd6 33. h6 Rb8 34.
f4 Ra2+ 35. Kh3 f6 36. Rc1 Ra7 37. b5 d4 38. Rb4 e5 39. Rc6+ Kd5 40. Rxf6 e4
41. b6 Re7 42. Kg2 e3 43. Rb5+ Kc4 44. Rb1 Kd3 45. Rc6 Ke4 46. Rc5 Rbb7 47. Rb3
Re6 48. Rcb5 g5 49. fxg5 Rd6 50. Rb1 d3 51. Rh1 d2 52. Rb4+ Kf5 53. Rf4+ Kxg5
0-1

[Event "Szuperliga - GM Szabo Laszlo"]
[Site "Biatorbagy"]
[Date "2023.10.28"]
[Round "1.10"]
[White "Toth-Goczo, Melinda"]
[Black "Lakos, Nikoletta"]
[Result "1/2-1/2"]
[WhiteElo "2209"]
[BlackElo "2210"]
[PlyCount "24"]
[EventDate "2023.10.28"]
[EventType "team-tourn"]
[EventRounds "9"]
[EventCountry "HUN"]
[Source "chess.hu"]
[WhiteTeam "Viadukt Biatorbagy"]
[BlackTeam "Haladas VSE"]
[WhiteTeamCountry "HUN"]
[BlackTeamCountry "HUN"]

1. d4 Nf6 2. Nf3 d6 3. g3 c6 4. c4 Bg4 5. Bg2 Nbd7 6. Nc3 e6 7. O-O Be7 8. Qb3
Qb6 9. Qd1 Qa5 10. Qb3 Qb6 11. Qd1 Qa5 12. Qb3 Qb6 1/2-1/2